[Event "Leon"]
[Site "?"]
[Date "2005.06.12"]
[Round "3.3"]
[White "Kasimdzhanov, Rustam"]
[Black "Anand, Viswanathan"]
[Result "1/2-1/2"]
[WhiteElo "2650"]
[BlackElo "2785"]
[Annotator "Rahal, M"]
[PlyCount "135"]
[EventDate "2005.06.10"]
[EventType "k.o. (rapid)"]
[EventCountry "ESP"]
[Source "EDAMI"]
[SourceDate "2006.12.20"]

1. e4 c5 2. Nf3 e6 3. d4 cxd4 4. Nxd4 Nc6 5. Nc3 a6 6. Be2 Qc7 7. O-O Nf6 8.
Be3 Bb4 9. Na4 Bd6 10. g3 Be7 11. c4 $5 {Anand ha planteado con negras una
variante moderna de la Defensa Taimanov de la Siciliana, y Kasimdzhanov
sacrifica un peón central a cambio de la iniciativa y desarrollo.} Nxe4 12. Bf3
Nf6 13. c5 $14 {La teoría considera que las blancas tienen ligera ventaja y
suficiente compensación por el peón.} O-O 14. Rc1 Ne5 $146 (14... Re8 15. a3
Rb8 16. b4 Nxd4 17. Qxd4 d6 18. cxd6 Qxd6 19. Qxd6 Bxd6 20. Ba7 e5 21. Rfd1 Ra8
22. Nb6 Rxa7 23. Nxc8 Bb8 24. Nxa7 Bxa7 25. Bxb7 e4 26. Rc8 Rxc8 27. Bxc8 h5 {
1-0 Smeets,J - Braun,A (Pulvermuehle Waischenfeld 2002)}) (14... g6 15. Re1 e5
16. Nb3 d6 17. cxd6 Bxd6 18. Na5 e4 19. Bb6 Qd7 20. Nxc6 exf3 21. Qxf3 Ng4 22.
h3 bxc6 23. hxg4 Qxg4 24. Qxc6 Qd7 25. Qxd7 {
1/2-1/2 Gallagher,J - Barlov,D (Lenk op 1989)}) 15. Bg2 ({
Era francamente interesante} 15. Bf4 $5 Nxf3+ (15... d6 16. Nb6 Rb8 17. cxd6
Qxd6 18. Nc4 $1 Qxd4 19. Bxe5 (19. Qxd4 Nxf3+) 19... Qxd1 20. Rfxd1 $18) (15...
d5 $5) 16. Qxf3 $16 {con fuerte iniciativa}) 15... d6 16. Nb6 Rb8 17. cxd6 Qxd6
18. Nb3 $5 Nd5 {Anand devuelve el peón para finalizar su desarrollo.} (18...
Qxd1 19. Rfxd1 $44) 19. Nxd5 exd5 20. Ba7 (20. Re1 $5) 20... Ra8 21. Bc5 Qf6
22. Bxe7 Qxe7 23. Qxd5 Qf6 24. Nc5 Nc6 25. Rc3 Rd8 26. Ne4 Qxc3 $5 (26... Qg6
27. Rxc6 Rxd5 28. Rxg6 hxg6 29. Nf6+ gxf6 30. Bxd5 Be6 $11) (26... Qe6 27. Qxe6
Bxe6 28. Nc5 $14) 27. Nxc3 Rxd5 28. Bxd5 Bd7 29. Ne4 Rd8 30. Ng5 Be8 $2 ({
Anand se ha defendido excelentemente hasta el momento, pero aquí comete un
descuido que le cuesta un peón. Las tablas se conseguíancon} 30... Be6 $1 31.
Bxe6 fxe6 32. Nxe6 Rd2 33. Rb1 Nb4 34. a3 Nd3 $11) 31. Re1 $1 $16 {
La amenaza 32.Rxe8 gana un peón} Kf8 32. Nxh7+ Kg8 33. Ng5 Kf8 34. Bf3 Nb4 35.
a3 Nc2 36. Rd1 Nd4 37. Bg4 Bc6 38. h4 Rd5 39. Re1 f6 40. Nf3 Bd7 41. Nxd4 Bxg4
42. Re4 Bd7 43. f3 Kf7 44. Kf2 f5 45. Rf4 Kf6 46. Ke3 Ke5 47. Ne2 Bc6 48. Rd4
Rb5 49. b4 $1 {# Poco a poco Kasimdhanov ha consolidado su peón de ventaja, y
ya no dudábamos que iba a ganar y colocarse 2 a 1 en el marcador. El único
"pero" es que estaba muy apurado de tiempo.} Kf6 50. Rd6+ Ke7 51. Rd2 Kf6 52.
Kf4 Rb6 53. Rd6+ $6 (53. Nc3 $1 {era decisiva ya que se evita a5 por b5.
Kasimdzhanov se lamentó por no hacer esta jugada.}) 53... Ke7 54. Rg6 Kf7 55.
h5 a5 56. bxa5 Rb3 57. Nd4 Rxa3 58. Nxf5 Rxf3+ 59. Kg5 Kf8 60. g4 Be4 61. Nd4
$2 $138 ({En la cabina de comentarios encontramos la idea} 61. Nxg7 Bxg6 62.
Kxg6 $18 Rd3 63. g5 Kg8 64. Ne8 $18) 61... Ra3 62. Re6 Rxa5+ 63. Kf4 Bc6 64.
Nxc6 bxc6 65. Rxc6 Ra8 66. Kf5 Kg8 67. Kg6 Rb8 68. Rc7 1/2-1/2

[Event "Leon"]
[Site "?"]
[Date "2005.06.12"]
[Round "3.4"]
[White "Anand, Viswanathan"]
[Black "Kasimdzhanov, Rustam"]
[Result "1-0"]
[WhiteElo "2785"]
[BlackElo "2650"]
[Annotator "Rahal, M"]
[PlyCount "77"]
[EventDate "2005.06.10"]
[EventType "k.o. (rapid)"]
[EventCountry "ESP"]
[Source "EDAMI"]
[SourceDate "2006.12.20"]

1. e4 e5 2. Nf3 Nc6 3. Bb5 a6 4. Ba4 Nf6 5. O-O Be7 6. Re1 b5 7. Bb3 O-O 8. h3
Bb7 9. d3 d6 10. a3 Na5 11. Ba2 c5 12. Nbd2 Nc6 13. Nf1 Bc8 14. Bg5 $146 {
Luchando por la casilla d5, Anand intenta mejorar el juego de Adams en Linares
contra el propio Kasimdzhanov.} (14. c3 Be6 15. Bxe6 fxe6 16. b4 Nh5 17. N1h2
Nf4 18. Bxf4 Rxf4 19. Qb3 Qd7 20. a4 bxa4 21. Rxa4 cxb4 22. cxb4 Rb8 23. Rea1
Rb7 24. Rxa6 Nxb4 25. Ra8+ Rf8 26. Rxf8+ Bxf8 27. Rb1 Rb8 28. Qc4 d5 29. Qc3
Rc8 30. Qb3 Rc2 31. Ng4 Qa7 32. exd5 exd5 33. Ne3 Re2 34. d4 exd4 35. Nxd5 Nxd5
36. Qxd5+ Qf7 37. Qxd4 h6 38. Rb8 Re8 39. Ne5 Qe6 40. Rxe8 Qxe8 41. Qd5+ Kh7
42. g3 g6 43. Kg2 Bg7 44. Nd3 h5 45. Nf4 Bf6 46. Ne6 Qe7 47. h4 Qe8 48. Kh2 Qe7
49. Kh3 Kg8 50. f4 Qf7 51. f5 Be7 52. Nf4 gxf5 53. Qd1 Kh7 54. Nxh5 Bf8 55. Nf4
Bh6 56. Nd5 Qe6 57. Qd3 Kg7 58. Kg2 Qe5 59. Kf3 Qe6 60. Kg2 Qe5 61. Qc4 Bd2 62.
Qd3 {1/2-1/2 Adams,M - Kasimdzhanov,R (Linares 2005)}) 14... Ne8 15. Bxe7 Nxe7
16. Ne3 Nf6 17. c3 Qc7 18. Nh2 Be6 19. Nhg4 Nd7 ({Tras} 19... Nxg4 20. hxg4 {
las blancas pueden organizar un ataque a base de g3, Kg2 y Rh1.}) 20. Qf3 c4
21. Nf5 $1 Bxf5 22. exf5 f6 23. a4 $5 {Anand intenta dinamitar la estructura
de peones en el flanco de dama, para aumentar el radio de acción de las piezas
blancas.} d5 24. Ne3 Qc6 (24... Nb6 25. a5 $16) 25. dxc4 dxc4 ({En caso de} 
25... bxc4 26. Red1 e4 {Anand tiene previsto la espectacular} 27. Nxd5 $1 Nxd5
(27... exf3 28. Nxe7+ $18) 28. Qxe4 N7b6 29. a5 Rae8 30. Qg4 $16) 26. Qxc6 Nxc6
27. b4 $1 {Excelente jugada, que quita la casilla c5 al caballo negro.} Nb6 (
27... cxb3 28. Bxb3+ Kh8 29. Bd5 $1 Rac8 30. axb5 axb5 31. Reb1 $16) 28. a5 Nd7
29. Rad1 Rad8 $2 {Esta jugada permite un sacrificio demoledor, era obligada
jugar Rf-d8 con ventaja blanca tras el doblaje de torres y la maniobra Bb1-e4.}
30. Nxc4 $1 $18 bxc4 31. Bxc4+ Kh8 32. Bxa6 {Los tres peones son más
importantes que la pieza, y en pocas jugadas Anand rematará la partida y el
match.} Ne7 33. Bb7 $1 Nxf5 34. g4 $1 Ne7 35. c4 Nb8 36. a6 Nbc6 37. Rxd8 Rxd8
38. b5 Na5 39. Ra1 1-0

[Event "Varsovia 2005"]
[Site "?"]
[Date "2005.06.27"]
[Round "9"]
[White "Lopez Martinez, Josep Manuel"]
[Black "Babujian, Levon"]
[Result "1-0"]
[WhiteElo "2488"]
[BlackElo "2386"]
[Annotator "López Martínez, JM"]
[PlyCount "57"]
[EventDate "2005.06.14"]
[Source "EDAMI"]
[SourceDate "2006.12.20"]

{Esta partida, jugada en la novena ronda, era muy importante para mi porque
hasta entonces había jugado con rivales de alrededor de 2600. Quería jugar una
buena partida para conseguir una regularidad y por eso no rehuí meterme en
lios. Cuando estuve preparando ví que mi rival solía jugar berlinesa y, nunca
en ningún caso najdorf. Es por eso que pensé que querría sorprenderme aunque
entré si miedo porque sabía que tenía más experiencia que mi rival en la
posición (era la primera vez que la jugaba) y que una vez fuera de libro eso
podía jugar a mi favor. Esta partida pone de manifiesto que el efecto sorpresa
es arriesgado cuando no conoces las sutilezas de la posición. Además, por
fortuna, había estado mirando esta posición con Del Rio a raíz de su partida
con Karjakin. Ello me hizo ir con las ideas muy frescas y con mucha confianza.
} 1. e4 c5 2. Nf3 d6 3. d4 cxd4 4. Nxd4 Nf6 5. Nc3 a6 6. Be3 Nc6 7. f3 e6 8.
Qd2 Be7 9. O-O-O O-O 10. g4 Nxd4 11. Bxd4 $5 {Yo solía jugar Qxd4 en esta
posición basándome también en una partida modelo de Karjakin. Pero la partida
Karjakin-Del Rio y nuestros posteriores análisis me hicieron decantarme por
esta jugada que tiene la ventaja de que no te ganan tiempos sobre la dama con
una hipotética maniobra Nd7-e5-c6. Como me dijo Del Río, Qxd4 se justifica por
una posible amenaza h6 en un momento dado, pero si el negro evita esa amenaza
la jugada de dama pierde mucho sentido.} b5 12. Kb1 $5 {Sabiendo que mi rival
no tenía experiencia en la posición opté por desviarme de las líneas más
teóricas lo más pronto posible porque entonces empezaríamos a jugar la
posición de verdad. Creo que fue un acierto porque mi rival empezó a sentirse
inseguro y a jugar más lento. Se veía que no conocía los temas de la posición.
Esta jugada, como me comentó Del Río, es muchas veces útil en este tipo de
posiciones porque no define los planes y, por lo tanto, el negro tiene que
jugar sin saber esa información, lo cual dificulta su tarea.} (12. g5 Nd7 13.
h4 Qc7 14. Kb1 Rb8 15. h5 b4 16. Na4 $1 {Si el caballo puede ir a a4, el
blanco suele quedar bien porque para el contrajuego negro. El blanco entrega
un peón pero a cambio consigue hacerse con la iniciativa y un poderoso ataque.
También hay que tener en cuenta que la compensación además es posicional
porque el negro tiene el flanco de dama débil y el peón de d6 débil y un alfil
en c8 decorativo.} Qa5 17. b3 Bxg5 18. Qg2 f6 19. Rg1 Bh6 20. Bc4 Kh8 21. Be3
Qxh5 22. Bxh6 Qxh6 23. Rh1 Qf4 24. Rdg1 g5 25. Qh3 Rf7 26. Qxe6 Ne5 27. Qe8+
Kg7 28. Bxf7 Nxf7 29. Rxh7+ Kxh7 30. Qxf7+ Kh6 31. Rh1+ Qh4 32. Qxf6+ {
1-0 Karjakin,S-Del Rio Angelis,S/Warsaw POL 2005}) 12... Bb7 13. h4 {Para no de
finir aún mis intenciones, porque puedo jugar con g5 o bien con h5 antes.} b4 {
Esta jugada posiblemente se trate de un error porque como hemos citado
anteriormente, cuando el caballo llega a a4 suele quedar bien. Pero mi rival
estaba algo incómodo y optó por forzar los acontecimientos, algo muy típico
cuando desconoces las maniobras de una posición.} 14. Na4 Bc6 15. Nb6 Rb8 16.
Nc4 (16. g5 $5 {Estuve muy tentado por esta opción intermedia pero finalmente
me di cuenta que no valía la pena complicar tanto la lucha porque la opción de
la partida era más segura.} Nh5 17. Qf2 (17. Nc4 Ng3 18. Rg1 Nxf1 19. Rdxf1 Bb5
)) 16... d5 {La ruptura temática en la siciliana, aunque yo intuía que no
podía llegar a buen puerto. Dado que el ataque blanco parece mucho más rápido
es necesario actuar en el centro pero aún así parece que el negro no llega a
tiempo.} 17. Ne5 Bb7 {Quizás una medida innecesaria porque no me iba a comer
el peón de a6. Pero quizás el alfil pueda ir a c8 en un futuro.} 18. g5 {
Dando inicio a las acontecimientos en el flanco de rey. La partida me atraía
mucho desde el punto de vista creativo y el ataque parecía muy prometedor.
Ahora había que precisar.} Ne8 {
Tras ver esta jugada de mi rival supe que ganaría la partida.} (18... Nh5 {
La jugada que más calculé antes de meterme en todo este lío. Pero vi una
opción posicional muy interesante que me daba muy buen contrajuego.} 19. Rg1 $5
{La opción posicional por la que me hubiera decantado. Entrego un peón a
cambio de la iniciativa.} (19. Bh3 {La opción más directa y la que más calculé,
pero posteriormente me di cuenta que no valía la pena dejar que el mal caballo
de h5 mejorase su ubicación. Y es que en la toma de decisiones se mezcla
muchas veces el cálculo con el tacto posicional.} dxe4 20. Bg4 Ng3 21. Rhg1 Nf5
) 19... dxe4 20. Bh3 {Todas las piezas entran en juego.} exf3 21. Bg4 g6 22.
Bxh5 gxh5 23. g6 fxg6 24. Qh6 {Con un ataque ganador.}) 19. Rg1 Nd6 $6 {
Mi rival juega demasiado tranquilo y eso puede costarle caro. Creo que era
necesario comer en e4 aunque seguramente no sea suficiente. Pero cuando estás
mal al menos debes capturar material para tener la esperanza de que si tu
rival no te mata por ataque podrás incluso llevarte el gato al agua.} (19...
dxe4 20. h5 $5 {Con un ataque muy prometedor.}) 20. g6 $1 {El sacrificio de un
combatiente de mi bando es necesario para abrir la muralla defensiva. Esta es
una maniobra típica en el ataque inglés.} hxg6 (20... fxg6 21. Bh3 Qc8 22. Nxg6
hxg6 23. Rxg6 $18) 21. h5 $1 {Tratando de abrir la defensa negra sea como sea.}
g5 22. h6 {En este momento mi rival empezó a pensar porque se dio cuenta de la
que se le venía encima.} Bf6 (22... Ne8 23. Qh2 Bf6 24. hxg7 Bxg7 25. Rh1 Nf6
26. Nc6 $18) 23. hxg7 Kxg7 (23... Bxg7 24. Rxg5 f6 25. Rxg7+ Kxg7 26. Qg2+ Kh8
27. Qh3+ Kg7 28. Qg4+ Kh8 29. Qh5+ Kg7 30. Qg6+ Kh8 31. Bxa6) 24. Nc6 Bxd4 25.
Qxd4+ e5 26. Qxe5+ f6 27. Rxg5+ Kh6 28. Rh5+ Kg6 29. Qg3+ {Y aquí mi rival
abandonó. Esta partida demuestra cuan peligro resulta tratar de sorprender a
tu rival cuando no conoces la posición en la que te sumerges.} 1-0

[Event "6th EICC"]
[Site "Warsaw POL"]
[Date "2005.06.20"]
[Round "3"]
[White "Dreev, Alexey"]
[Black "Minasian, Artashes"]
[Result "1-0"]
[WhiteElo "2705"]
[BlackElo "2597"]
[Annotator "Ubilava, E"]
[PlyCount "49"]
[EventDate "2005.06.18"]
[EventType "swiss"]
[EventRounds "11"]
[EventCountry "POL"]
[Source "EDAMI"]
[SourceDate "2006.12.20"]

{Por lo visto, esta bonita miniatura no pide demasiados análisis en cuanto a
las variantes: el armenio GM Artashes Minasian (negras) había jugado a su
ajedrez ''curvilíneo''. Este método le trae éxito a la hora de jugar contra
los ajedrecistas de un nivel inferior a 2500. Ahora bien, cuando combates con
alguien de más ''peso'' como GM Dreev, hay que ir con cuidado...} 1. d4 d6 2.
e4 Nf6 3. Nc3 g6 4. Bg5 Bg7 5. f4 $5 {Probablemente, una de las variantes más
agresivas contra la defensa Pirc. El avance con e5! siempre aumentará su
efectividad gracias al alfil en g5.} c6 6. Nf3 Qb6 {Diagrama #} 7. Qd2 $1 Qxb2
8. Rb1 Qa3 9. Bd3 Qa5 10. O-O Qc7 {Las negras hicieron 5 jugadas con la dama
retrasando su desarrollo. El castigo fue duro.} 11. e5 $1 Nd5 12. Ne4 f5 {
Diagrama #} 13. Bxe7 $3 {Un fortísimo golpe, que hace que el rey de las negras
quede en el centro bajo el ataque.} Nxe7 ({Si} 13... fxe4 14. Bxd6 e3 15. Qe1
Qd8 16. Ng5 $1) 14. Nxd6+ Kf8 15. Ng5 {
Las piezas negras causan miserable impresión.} b6 16. Qb4 h6 17. Qb3 Nd5 18.
Ngf7 Be6 ({Tampoco tiene esperanza} 18... Rh7 19. Nxc8 Qxf7 20. Nd6 Qd7 21. g4
$1 Ne3 22. gxf5 Nxf5 23. Bxf5 gxf5 24. Kh1 Bh8 25. Rg1 Rg7 26. Rxg7 Bxg7 27.
Rg1 {
y las piezas del flanco de dama no llegan a tiempo para ayudar a su monarco.})
19. Nxh8 Bxh8 20. c4 Ne7 {Diagrama #} 21. g4 $1 Nd7 22. Qa3 $1 {
Con su enérgico juego Dreev destruye definitivamente la fortaleza de negras.}
c5 ({Después de} 22... Kg8 23. Nxf5 Nxf5 24. gxf5 Bxf5 25. Bxf5 gxf5 {
lo mas fácil es} 26. Kh1 $1 {con un ataque imparable.}) 23. d5 Nxd5 24. cxd5
Bxd5 25. Rbd1 {Una masacre bestial, típica para los torneos del siglo XIX.} 1-0

[Event "6th EICC"]
[Site "Warsaw POL"]
[Date "2005.06.20"]
[Round "3"]
[White "Mamedyarov, Shakhriyar"]
[Black "Huzman, Alexander"]
[Result "1-0"]
[WhiteElo "2646"]
[BlackElo "2577"]
[Annotator "Ubilava, E"]
[PlyCount "81"]
[EventDate "2005.06.18"]
[EventType "swiss"]
[EventRounds "11"]
[EventCountry "POL"]
[Source "EDAMI"]
[SourceDate "2006.12.20"]

{El joven Mamedyarov puede sorprender a sus rivales en cualquier situación.
Esta vez fue en mi variante favorita, la Nimzoindia con f3.} 1. d4 e6 2. c4 Nf6
3. Nc3 Bb4 4. a3 Bxc3+ 5. bxc3 c5 6. f3 d5 7. cxd5 Nxd5 8. dxc5 Qa5 9. e4 Nc7 {
Diagrama # Permite a las blancas hacer un favorable cambio de damas.} ({
Las alternativas son:} 9... Nf6) ({o bien} 9... Ne7) ({Pero no} 9... Nxc3 $2 {
por} 10. Qd2) 10. Qd4 f6 11. Qb4 ({Entre otras opciones hay} 11. Be3 $5 Nc6 12.
Qc4 e5 13. Qb3 Be6 14. Qxb7 (14. Bc4 $5 Bxc4 15. Qxc4 $14) 14... O-O 15. Qxc6
Rfd8 ({era mejor} 15... Qxc3+ 16. Kf2 Qxa1 17. Qxc7 Qxa3 18. Ne2 $16) 16. Kf2
Bd7 17. Qb7 Rab8 18. Bc4+ Kh8 19. Qb4 Rxb4 20. cxb4 Qa4 21. Ne2 Bb5 22. Bxb5
Nxb5 23. Rhc1 a5 24. c6 Rc8 25. bxa5 Nd4 26. Nxd4 exd4 27. Bd2 h5 28. Rab1 Qxa3
29. c7 Qd6 30. Rb6 Qxh2 31. f4 {1-0 Moskalenko,V-Yakovich,Y/USSR 1987}) (11. f4
$5 Nc6 12. Qc4 b6 13. cxb6 Qxb6 {poco claro}) 11... Nc6 12. Qxa5 Nxa5 13. Rb1
$5 ({También es posible} 13. Be3 e5 14. Nh3 Be6 15. Nf2 O-O-O 16. Nd3 Nb3 17.
Rb1 Nb5 18. c4 (18. Nc1 $1 $14) 18... N5d4 $1 19. Bxd4 $2 Nxd4 20. Nb4 Rd7 $1
21. Nd5 Kb8 $1 22. Bd3 Rc8 $17 {
...0-1 Moskalenko V.-Ivanchuk V./Mirabal (Semirapid) 2000 (31)}) 13... Bd7 $1 (
{Contra} 13... e5 {es interesante probar} 14. f4 $5) 14. Ne2 {
Una novedad, el caballo quiere saltar a d4.} ({Otro reciente ejemplo es} 14.
Nh3 O-O-O 15. Nf4 Ba4 16. Be2 e5 17. Nh5 Ne6 18. Be3 Bb3 19. Kf2 Rhf8 20. Ng3
g6 21. Nf1 Nf4 {1/2-1/2 Bauer,C-Schlosser,P/Port Barcares FRA 2005}) 14... e5 {
Diagrama Parece que las negras no lo dejan. Pero eso solo parece... #} 15. Nd4
$1 {Una excelente entrega posicional!} O-O-O $5 {Huzman no se arriesga a
conocer la idea de su rival, optando por jugar el final sin peón.} ({
En la variante} 15... exd4 16. cxd4 $36 O-O-O 17. d5 Ba4 (17... Rhe8 18. Bd2 $1
) 18. Be3 Rhe8 19. Kf2 {
las negras pueden devolver la pieza en d5, pero las blancas siguen mejor.}) 16.
Nb5 ({Era interesante} 16. Nc2 $5 {
y el caballo puede desplazarse a b4 o bien a e3.}) 16... Nxb5 17. Bxb5 Kc7 18.
Ke2 Be6 19. Be3 Bc4+ 20. Bxc4 Nxc4 21. Rb4 Nxe3 22. Kxe3 Rd7 23. Rhb1 Kc6 24.
R1b2 Rhd8 25. Ke2 $14 Kxc5 26. Rxb7 Kc4 27. Kf2 Kxc3 28. Kg3 (28. Rb1 $5 {
con la idea de Rc1+ y Rcc7!}) 28... g6 29. a4 f5 30. exf5 gxf5 31. a5 a6 32.
Rxd7 Rxd7 33. Rb6 {Diagrama #} Rg7+ $2 {Un error decisivo.} ({
El modo correcto era} 33... e4 $5 34. Kf4 Kd3 {
con un contrajuego activo que permite escaparse a las negras.}) 34. Kf2 Rg6 35.
h4 $1 {Decide la partida.} Kd2 36. h5 Rg5 37. h6 $1 e4 {Ahora ya es tarde.} 38.
Rd6+ Kc3 39. Rxa6 Kd4 40. Rd6+ Ke5 41. Rd7 {
Al salir de los apuros del tiempo las negras abandonaron.} 1-0